El rol del defensor público de Familia en la materialización del principio protector de menores y personas vulnerables "Casos de éxito" (Registro nro. 22595)

000 -Cabecera
Campo de control interno 03116nam a2200277 4500
001 - Número de control
control field ESSALUD
005 - Fecha y hora de la última transacción
Campo de control 20260701121035.0
007 - Tipo material - Descripcion fisica - info general
Tipo material - Descripcion fisica - info general ta
008 - Elementos de Longitud Fija - Información General
Elementos de Longitud Fija - Información t pe ||||| |||| 00| 0 spa d
040 ## - Origen de la Catalogación
Origen de la Catalogación BMG
041 ## - Idioma
Idioma spa
100 ## - Autor
Autor Peralta Tripul, Gabriel
Rol del Autor Autor
9 (RLIN) 50806
245 ## - Titulo
Titulo El rol del defensor público de Familia en la materialización del principio protector de menores y personas vulnerables "Casos de éxito"
246 ## - Variante del Titulo
Titulo The role of the public Family defender in the materialization of the protective principie for minors and vulnerable persons "Success cases"
300 ## - Páginas
Paginación páginas 46-61
520 ## - Resumen
Resumen El autor postula que el Defensor Público de Familia actúa como un intermediario entre la aplicación efectiva del principio protector de menores y personas vulnerables en el ámbito familiar. Para ello desarrolla al "principio protector" y lo distribuye en cuatro "sub-principios": a) principio del interés superior del niño; b) principio de solidaridad familiar; c) principio protector del adulto mayor; y, d) principio protector de la persona con discapacidad. Más allá del reconocimiento constitucional de dicho principio, el autor demuestra que este se materializa en la práctica judicial a través de la intervención activa del defensor, quien articula la tutela de los derechos fundamentales de los sujetos de especial protección. Este análisis se sustenta en la experiencia práctica del autor y casos de éxito que fueron patrocinados en la Defensa Pública, a fin de evidenciar que la actuación del Defensor Público de Familia garantiza el acceso a la justicia de los sujetos más vulnerables.
520 ## - Resumen
Resumen The author posits that the Public Family Defender acts as an intermediary far the effective application of the protective principle for minors and vulnerable persons within the Family sphere. To this end, develops the concept of the "protective principle" categorizing it into four "sub -principles": a) the principle of the best interests of the child; b} the principle of family solidarity; c) the protective principle for the elderly; and d) the protective principle far persons with disabilities. Beyond the constitutional recognition of this principle, the author demonstrates that it materializes in judicial practice through the active intervention of the defender, who articulates the protection of the fundamental rights of subjects requiring special protection. This analysis is supported by the author’s practical experience and success cases sponsored by the Public Defense Service, aiming to evidence that the actions of the Public Family Defender guarantee access to justice far the most vulnerable individuals.
650 ## - Temas - Descriptores
Temas - Descriptores DEFENSA PÚBLICA
9 (RLIN) 53049
650 ## - Temas - Descriptores
Temas - Descriptores PRINCIPIO PROTECTOR
9 (RLIN) 53050
650 ## - Temas - Descriptores
Temas - Descriptores SUJETOS VULNERABLES
9 (RLIN) 53051
650 ## - Temas - Descriptores
Temas - Descriptores PUBLIC DEFENSE
9 (RLIN) 53052
650 ## - Temas - Descriptores
Temas - Descriptores PROTECTIVE PRINCIPLE
9 (RLIN) 53053
650 ## - Temas - Descriptores
Temas - Descriptores VULNERABLE SUBJECTS
9 (RLIN) 53054
773 0# - Revista (Relacion con el numero)
Host Biblionumber 22573
Host Itemnumber 22621
Ciudad, Editorial Lima Grupo Praxis Formación Profesional, 2026-
Codigo barras item/ejemplar PRA002
Titulo de la Revista Praxis Civil & Procesal Civil
Número de control de registro ESSALUD
ISSN 3119-7671
942 ## - Elementos de Koha
Tipo de Documento Artículos
Fecha procesamiento 2026-07-01
Catalogador sqb

No hay ítems disponibles.